| 000 | 003580000a22001570004500 | ||
|---|---|---|---|
| 001 | 004256 | ||
| 003 | MACL | ||
| 040 | _aMACL | ||
| 090 |
_c16249 _d16248 |
||
| 100 | _aSengupta, K. | ||
| 245 |
_aNorth E̜ast India : A Selected Bibliography _cK. Sengupta |
||
| 260 |
_aTeen Murti House, _c2002 |
||
| 350 | _a600 | ||
| 650 | _aBibliography | ||
| 942 |
_k11 _cBook |
||
| 999 |
_c16147 _d16147 |
||